Greek homosexuality = La homosexualidad griega /
Guardado en:
| Hovedforfatter: | |
|---|---|
| Format: | Ukendt |
| Sprog: | English |
| Udgivet: |
Cambridge, Massachusetts :
Harvard University Press,
1978.
|
| Fag: | |
| Tags: |
Tilføj Tag
Ingen Tags, Vær først til at tagge denne postø!
|
MARC
| LEADER | 000000000a22000000004500 | ||
|---|---|---|---|
| 001 | 012321 | ||
| 020 | |a 0674362616 | ||
| 041 | 0 | |a eng | |
| 082 | 0 | 4 | |a 301.41 |b D743g |
| 100 | 1 | |a Dover, Kenneth James | |
| 245 | 1 | 0 | |a Greek homosexuality = |b La homosexualidad griega / |c Kenneth James Dover. |
| 260 | 1 | |a Cambridge, Massachusetts : |b Harvard University Press, |c 1978. | |
| 300 | |a x, 244 páginas, [29] láminas : |b ilustraciones ; |c 24 cm. | ||
| 650 | 4 | |a HOMOSEXUALIDAD | |
| 650 | 4 | |a GRECIA | |
| 650 | 4 | |a HISTORIA | |
| 650 | 4 | |a DERECHO Y LEGISLACION | |
| 650 | 4 | |a HOMOSEXUALIDAD Y LITERATURA | |
| 650 | 4 | |a HOMOSEXUALIDAD Y ARTE | |
| 650 | 4 | |a CIVILIZACION | |
| 500 | |a Colección George Yúdice | ||
| 999 | |c 18293 |d 18293 | ||
| 942 | |c BK |h 301.41 D743g |2 z | ||



